| 000 | 00742cam a2200229 a 4500 | ||
|---|---|---|---|
| 003 | Nust | ||
| 005 | 20170216102728.0 | ||
| 008 | 170216b xxu||||| |||| 00| 0 eng d | ||
| 020 | _a0471124443 (cloth : alk. paper) | ||
| 040 | _cNust-MCE | ||
| 082 | 0 | 0 |
_a628.162 _bDRO _cL-NUST, P-25 |
| 100 | 1 | _aDroste, Ronald L. | |
| 245 | 1 | 0 |
_aTheory and practice of water and wastewater treatment / _cRonald L. Droste. |
| 260 |
_aNew York : _bJ. Wiley, _c1997. |
||
| 300 |
_axiv, 800 p. : _bill. ; _c27 cm. |
||
| 650 | 0 |
_aWater _xPurification. |
|
| 650 | 0 |
_aSewage _xPurification. |
|
| 650 | 0 | _aMCE | |
| 856 | 4 | 2 | _uhttp://www.loc.gov/catdir/description/wiley034/96015477.html |
| 856 | 4 | _uhttp://www.loc.gov/catdir/toc/onix05/96015477.html | |
| 942 | _cBK | ||
| 999 |
_c226543 _d226543 |
||